Countries bordering countries bordering Russia - Statistics

General Stats
  • This quiz has been taken 79 times
  • The average score is 19 of 23
Answer Stats
Answer % Correct
Sweden
96%
Germany
94%
India
93%
Romania
90%
South Korea
88%
Turkey
88%
Iran
87%
Turkmenistan
87%
Afghanistan
85%
Hungary
85%
Slovakia
82%
Vietnam
82%
Armenia
81%
Laos
81%
Pakistan
81%
Tajikistan
81%
Uzbekistan
81%
Bhutan
79%
Moldova
79%
Nepal
79%
Myanmar
75%
Czech Republic
73%
Kyrgyzstan
73%
No matching quizzes found
Score Distribution
Percent of People with Each Score
Percentile by Number Answered
Your Score History
You have not taken this quiz